[Event "Sharjah Masters 1st"]
[Site "Sharjah"]
[Date "2017.03.23"]
[Round "1"]
[White "Adhiban, Baskaran"]
[Black "Swayams, Mishra"]
[Result "1-0"]
[WhiteElo "2682"]
[BlackElo "2450"]
[Annotator "Adhiban,B"]
[PlyCount "51"]
[EventDate "2017.03.23"]
[EventType "swiss"]
[EventRounds "9"]
[EventCountry "UAE"]
[SourceTitle "CBM 178"]
[Source "ChessBase"]
[SourceDate "2017.05.14"]
[SourceVersion "1"]
[SourceVersionDate "2017.05.14"]
[SourceQuality "1"]

{ATTACK WITH MIKHAL TAL! One of the first books I read in my childhood was the
above! It was one of my favourite books and I believe my style developed into
one similar to that of the Magician from Riga!} 1. d4 Nf6 2. Bg5 $5 {I have
tried to keep the game as human as possible and have added expert comments
from my computer (Silicon Friend) also :).} e6 3. Nf3 d5 4. e3 c5 5. c3 ({
Another possible move order is} 5. Nbd2 Qb6 {is pointless due to} 6. Rb1) 5...
h6 (5... Qb6 6. Qc2 {looks fine.} ({Also possible is} 6. Qb3 c4 7. Qc2)) 6. Bh4
Nc6 7. Nbd2 Qb6 {feels like a waste of time.} ({My opponent's main concern
after} 7... Be7 {was} 8. Bxf6 (8. Bd3 {is the way for White.}) 8... gxf6 {
is totally fine for Black though.} (8... Bxf6 $6 9. dxc5 $1 {and it will be
difficult if at all possible for Black to win back the pawn.})) ({I felt Black
had an interesting option with} 7... g5 $5 8. Bg3 Nh5 9. Be5 (9. Bb5 {SF} Nxg3
10. hxg3 Bd7 {does seem like an equal game.}) 9... f6 (9... Nxe5 10. Nxe5 Nf6)
10. Ng1 {This was my intention but SF is not impressed.} (10. Bd3 fxe5 11. Bg6+
Kd7 12. Bxh5 e4 $132) 10... Ng7 $1 11. Bg3 h5 12. h3 (12. h4 Nf5 13. hxg5 Nxg3
14. fxg3 Bd6 15. Qf3 fxg5 $15) 12... cxd4 13. exd4 Nf5 14. Bh2 Bd6 {with a
better game for Black according to SF :).}) 8. Rb1 Be7 (8... g5 9. Bg3 Nh5 10.
dxc5 $5 (10. Be5 $5 f6 11. Ng1 $1 Ng7 (11... fxe5 12. Qxh5+ Kd8 {is maybe not
so clear.}) 12. Bg3 Bd7 $15) 10... Bxc5 11. b4 Be7 12. b5 Na5 13. Be5 f6 14.
Bd4 {was my main idea, followed by e4.}) 9. Bd3 O-O 10. O-O (10. Ne5 Nd7 {
with lots of liquidation.}) 10... Re8 (10... Bd7 11. Ne5 Be8 12. f4 {with a
strong attack.}) 11. dxc5 {It wasn't necessary to clarify things in the centre
yet...} ({Best probably is my friend Vishnu's suggestion} 11. Qe2 $1 {since
Black doesn't have any useful developing move.} Bd7 12. Ne5 $14) (11. Ne5 Nxe5
(11... Nd7 $5) 12. dxe5 Nd7 13. Bg3 Nf8 {didn't look too inspiring.}) 11...
Qxc5 12. b4 Qd6 {Here I sank into long thought and wasn't able to come up with
anything convincing.} (12... Qb6 13. c4 $1 {was my idea.} Nxb4 14. Bxf6 $1 (14.
a3 Nxd3 15. Rxb6 axb6 {would give Black more chances of a successful defence/
fortress.}) 14... Bxf6 15. Qa4 {[%csl Rb4,Re8] A funny double attack.}) 13. Qe2
({Forcing lines like} 13. Bg3 Qd8 {didn't seem to achieve anything.} 14. b5 (
14. Qe2 Nh5) 14... Na5 15. c4 dxc4 (15... Bd7) 16. Nxc4 Nxc4 17. Bxc4 Qxd1 18.
Rfxd1 Bd7 19. Ne5 Red8 {and Black is holding the fort.} 20. Nxd7 (20. Be2 Be8
$1 (20... Nd5 21. Nxd7 Rxd7 22. e4 Nb6)) 20... Rxd7 21. Rxd7 Nxd7 $11) (13. e4
{was my first intention, but there was the very annoying} Rd8 $5 ({Also a
decent alternative was} 13... Ne5 14. Nxe5 Qxe5) 14. Bg3 (14. b5 dxe4 15. bxc6
Qxd3 16. cxb7 Bxb7 17. Rxb7 exf3) 14... e5 15. b5 ({According to the computer,
after} 15. Qa4 {White retains a slight pull.}) 15... dxe4 $1 16. Bxe4 (16. bxc6
Qxd3 17. cxb7 Bxb7 18. Rxb7 exf3 $15) 16... Nxe4 17. Nxe4 Qxd1 18. Rbxd1 Na5
$44) 13... Nh5 (13... e5 14. Bg3 (14. b5 e4 15. bxc6 exd3 (15... bxc6) 16. cxb7
dxe2 17. bxa8=Q exf1=Q+ 18. Nxf1 Bf5) (14. e4 dxe4 15. Nxe4 Nxe4 16. Qxe4 Bxh4
17. Qh7+ Kf8 18. Nxh4 Qf6 $1 19. Nf5 Bxf5 20. Qxf5 Qxf5 21. Bxf5) 14... Nh5 15.
e4 Nxg3 16. hxg3 {I was hoping to get the initiative because of the light
square control.} (16. fxg3 Be6 17. exd5 Bxd5 18. Ne4 Qe6 19. c4) 16... Be6 17.
exd5 Bxd5 18. Ne4 (18. Rfd1 {is a better try.}) 18... Qc7 $1 {Black is fine.} (
18... Qe6 19. c4 $1 Bxe4 20. Bxe4 Nxb4 21. a3 $16 {[%cal Rb1b7,Re4d5]})) 14.
Bxe7 (14. Rfd1 Bxh4 15. Nxh4 Nf6 16. Nhf3 Ne5 17. Nxe5 Qxe5 {looked easy for
Black.}) 14... Qxe7 (14... Rxe7 {now I wanted to prepare e4 with} 15. g3 (15.
Rfd1 $5 {SF}) 15... e5 16. e4) 15. b5 $5 {Kicking the knight to the corner.
Only around here the plan became quite clear to me.} Na5 16. Ne5 $1 {As
mentioned in the beginning of the game, finally my attacking genes kicked in...
} Nf6 17. f4 b6 $5 (17... Bd7 18. g4 {would lead to a crushing attack.}) (17...
Nd7 18. Qh5 Nxe5 19. fxe5 Rf8 20. Rf6 $5 {This was my preference during the
game though} ({SF} 20. Rb4 $1 Qg5 21. Qxg5 hxg5 22. Nf3 f6 23. h4 $1 {with a
ruthless initiative.} (23. Nxg5 fxg5 24. Bh7+ Kxh7 25. Rxf8 b6 {is not enough.}
)) 20... Qc5 {looked very unclear.} (20... gxf6 21. Qg4+ $1 Kh8 22. Qh4 {
[%cal Gh4e7,Gh4h8]} Kg7 23. Rf1 $18) 21. Re1 Qxc3 22. Rxh6 gxh6 {Somehow Black
is holding.}) 18. g4 Nd7 19. Ndf3 Nxe5 20. Nxe5 {This looked much stronger and
more natural than fxe5.} (20. fxe5 $5 {[%cal Gh2h4,Gg4g5] also looked
interesting.} Bb7 21. h4) 20... Bb7 (20... f6 21. Ng6 Qc5 22. g5 $18) 21. g5 $5
Nc4 (21... hxg5 {Here basically I was spoiled for choice.} 22. Nxf7 $1 {
A beautiful idea which I was very proud of finding.} ({Another very !? idea was
} 22. Bh7+ $1 Kxh7 23. Qh5+ Kg8 24. fxg5 g6 25. Qh6 Qf8 (25... Rf8 26. Rf6 {
followed by the deadly Ng6.}) 26. Rxf7 Qxh6 27. gxh6 {with mate to follow very
soon.}) (22. Qg4 $5) (22. Qh5 g6 23. Qh6 {is also good.}) 22... Qxf7 (22... g4
23. Ng5 $18) 23. fxg5 Qc7 24. Bh7+ $1 Kxh7 25. Qh5+ Kg8 26. g6 {with mate.})
22. Bxc4 $1 {After some thought, I decided to part with the bishop in order to
retain my beautiful knight!} dxc4 23. gxh6 gxh6 (23... Qh4 24. hxg7 f6 25. Qg4
Qxg4+ 26. Nxg4 Kxg7 27. Rbd1 {with a healthy extra pawn.}) (23... g6 {was
possibly best.} 24. Rbd1 Rad8 25. Qg4 {[%cal Rg4g5] followed by cementing the
h6-pawn and the dark squares. But I wasn't so sure about} (25. Qxc4 $5 {SF})
25... Be4 $1 26. Rd4 (26. Qg5 f6 27. Nxg6 {was assumed as winning in the PM
but it wasn't :)} Qh7 $1 $17) 26... Rxd4 27. exd4 Kh7 {is apparently fine for
Black.}) 24. Qh5 {The knight on e5 looks much more powerful than the bishop!}
f6 $2 (24... Kh7 25. Ng4 {is hopeless.}) (24... Be4 25. Rbd1 Rad8 26. Kf2 {
with a commanding position.}) 25. Kf2 Be4 (25... Qh7 {was the last chance.} 26.
Rg1+ Kf8 27. Qh4 $1 {was my intention.} (27. Ng6+ Kf7 28. Rbd1 Rad8 {
Surprisingly White has nothing very clear but should have a thousand ways to
win.} 29. f5 $1 (29. Ne5+ Kf8 30. Nd7+ $2 {is definitely not one of the
thousand ways :).} Ke7)) 27... Qc2+ (27... fxe5 28. Qf6+ Qf7 29. Qxh6+) 28. Kg3
{What I had missed was} Ke7 $1 $15 {(SF) And the hunter becomes the hunted :)!}
(28... fxe5 29. Qf6+ Kg8 30. Kh3+)) (25... fxe5 26. Rg1+) 26. Qxh6 {A nice
victory!} 1-0

[Event "Sharjah Masters 1st"]
[Site "Sharjah"]
[Date "2017.03.27"]
[Round "5"]
[White "Adhiban, Baskaran"]
[Black "Kravtsiv, Martyn"]
[Result "1/2-1/2"]
[WhiteElo "2682"]
[BlackElo "2641"]
[Annotator "Adhiban,B"]
[PlyCount "97"]
[EventDate "2017.03.23"]
[EventType "swiss"]
[EventRounds "9"]
[EventCountry "UAE"]
[SourceTitle "CBM 178"]
[Source "ChessBase"]
[SourceDate "2017.05.14"]
[SourceVersion "1"]
[SourceVersionDate "2017.05.14"]
[SourceQuality "1"]

{During this tournament, I tried to emulate many world champions of the past
and I came quite close in many games. This game it was the turn of Euwe!} 1.
Nf3 Nf6 2. d4 e6 3. Bg5 {Once again let's go...} d5 4. Nbd2 Be7 5. e3 (5. Bxf6
Bxf6 6. e4 c5 $1 7. Bb5+ (7. exd5 exd5 8. Bb5+ Nc6 9. Qe2+ Be6 {is also good
for Black.}) 7... Bd7 8. Bxd7+ Qxd7 $132) 5... h6 6. Bh4 Nbd7 7. Bd3 b6 $1 {
A very nice plan, I wonder why it is not popular at all.} 8. c3 (8. Bxf6 Bxf6
9. e4 Bb7 10. e5 Be7 {is totally fine for Black.}) 8... Bb7 {By skipping ...c5
Black gains precious momentum and is in time to prepare ...Ne4 and also
White's Ne5 loses much of its sting!} 9. Qb1 {Fighting against ...Ne4.} (9. O-O
Ne4 10. Bxe7 Qxe7 $11) (9. Ne5 Nxe5 10. dxe5 Nd7 $132) 9... O-O (9... Nh5 10.
Bxe7 Qxe7 {would lead to similar positions to those in the game.}) ({I felt
now was the right time for} 9... c5 $1 {Black is doing pretty well here.} 10.
O-O O-O $132) 10. b4 $1 {Using the fact that Black didn't play ...c5.} (10. O-O
c5 11. b4 cxb4 12. cxb4 Ne4 $1 13. Bxe7 Qxe7 14. Nxe4 dxe4 15. Bxe4 Bxe4 16.
Qxe4 Qxb4 $11) ({For a while I was entertaining the possibility of} 10. Bxf6
Bxf6 (10... Nxf6 11. Ne5 {is at least very pleasant if not better for White.})
11. h4 $5 e5 12. Bh7+ Kh8 13. Qf5 (13. Ng5 Bxg5 14. hxg5 Qxg5 {is nothing.})
13... g6 14. Bxg6 fxg6 15. Qxg6 Qe7 $1 $17) 10... Nh5 (10... a5 11. b5 {
is ideal for White.}) 11. Bxe7 Qxe7 12. O-O (12. a4 e5 13. Nxe5 Nxe5 14. dxe5
Qxe5 $11) 12... e5 13. Nxe5 Nxe5 14. dxe5 Qxe5 15. Nf3 ({SF} 15. a4 $5 {
An interesting alternative.} Qxc3 16. Rc1 Qe5 17. Nf3 Qd6 18. a5 {with
positional compensation for the pawn.}) 15... Qe7 {Black has no complaints and
has achieved easy equality.} 16. Nd4 ({My original intention was} 16. b5 $5 a6
(16... a5 $5 {followed by bringing the knight to c5.}) 17. a4 (17. Qb4 $1 {SF}
Rfe8 (17... Qxb4 18. cxb4 axb5 19. Rfc1 $1 c6 20. Nd4 $16) 18. a4 {offers a
slight pull.}) 17... axb5 18. axb5 Rxa1 19. Qxa1 Ra8 20. Qb2 Qa3 {But Black is
very active here.}) 16... Nf6 ({Another possibility was} 16... c5 17. bxc5 bxc5
18. Nf5 Qc7 19. c4 Rfd8 $11) 17. a4 (17. Nf5 Qe5 18. Nd4 Qe7 $11) (17. b5 Nd7 {
I wasn't sure if this structure is actually advantageous for White or Black :).
}) 17... c5 18. Nf5 Qc7 19. h3 $5 {Just making useful prophylaxis against ...
Ng4.} Ne4 ({SF} 19... a5 $1 {Fixing the pawn structure on the queenside.}) 20.
Bxe4 dxe4 21. Qd1 $1 {A strong idea which was understimated by my opponent.}
Qe5 (21... Rfd8 22. Qg4 Qe5 23. Nxh6+ Kf8 24. Qf5 $1 {with an extra pawn.}) 22.
Qd7 Bc8 (22... Rab8 $5 23. Rad1 $1 {with the initiative.}) 23. Qd5 (23. Ne7+
Kh7 24. Nxc8 Raxc8 (24... Rfxc8 25. Qxf7 $14) 25. Qxa7 Qxc3 26. b5 Qf6 27. a5
bxa5 28. Qxa5 c4 $11) 23... Qxd5 24. Ne7+ Kh7 25. Nxd5 {This was the endgame I
was aiming for. White has some chances due to the fixed pawn on e4.} cxb4 26.
Nc7 ({More chances were offered by} 26. cxb4 $5 Be6 27. Nc7 Rac8 28. Rfc1 $1
$14) 26... Rb8 27. cxb4 Rb7 (27... Rd8 28. Rfc1 $14) 28. Nb5 Bd7 $1 (28... Rd8
29. Nd4 $14) 29. Nd4 {Nice post for the knight...but what is it doing?} (29.
Nd6 $1 Rc7 30. a5 $1 (30. Nxe4 Rc4 $11) 30... f5 31. axb6 axb6 32. Ra6 Rb8 33.
Rfa1 {with a slight edge.}) 29... Rc8 {Thanks to the previous move, Black is
ready to fight for the c-file.} 30. b5 Rc5 31. Rfb1 ({It was better to aim for
the endgame which arose in the game.} 31. Rfc1 $1 Rbc7 32. Rxc5 Rxc5 33. a5
Bxb5 34. axb6 axb6 35. Rb1 Bd3 36. Rxb6 {with some chances.}) 31... g6 32. Rc1
{I realised that there was no other way to improve my position.} Rbc7 33. Rxc5
Rxc5 34. a5 Bxb5 35. axb6 axb6 36. Rb1 Bd3 37. Rxb6 {I could have reached this
position with an extra move ... It is what it is :) !} Kg7 38. Kh2 Rc1 39. h4 (
39. g4 $1 {gave more chances.}) 39... Rf1 40. Kg3 Rg1 41. Rb7 Kf6 42. Kh2 Rf1
43. Kg3 Rg1 44. Rb6+ Kg7 45. Kh2 Rf1 46. Rb2 Kf6 47. Kg3 ({The last chance to
play} 47. g4 $1) 47... Rg1 48. Rb6+ Kg7 49. Rb7 {A funny game with a couple of
subtle points.} 1/2-1/2

[Event "Biel MTO op"]
[Site "Biel"]
[Date "2006.07.28"]
[Round "5"]
[White "Gerber, Richard"]
[Black "Atalik, Suat"]
[Result "0-1"]
[WhiteElo "2363"]
[BlackElo "2619"]
[Annotator "Atalik,S"]
[PlyCount "64"]
[EventDate "2006.07.24"]
[EventType "swiss"]
[EventRounds "11"]
[EventCountry "SUI"]
[SourceTitle "CBM 113 Extra"]
[Source "ChessBase"]
[SourceDate "2006.09.14"]
[SourceVersion "1"]
[SourceVersionDate "2006.09.14"]
[SourceQuality "1"]

1. d4 d5 2. Nf3 Nf6 3. Bg5 Ne4 4. Bh4 c5 5. e3 Qb6 6. Qc1 Qh6 $5 {An original
idea.} 7. Bb5+ $2 {This helps my development.} (7. Nbd2 $2 g5 $17) (7. c4 $2 g5
8. Bg3 Nxg3 9. fxg3 g4 10. Ne5 cxd4 11. cxd5 Nd7 $17) ({I would definitely go
for} 7. Nc3 $1 Nxc3 (7... g5 8. Nxd5 gxh4 9. Nc7+ Kd8 10. Nxa8 $13 {is very
messy.}) 8. bxc3 Nc6 $14) 7... Bd7 8. Bxd7+ (8. c4 Bxb5 9. cxb5 Nd7 10. Nc3 e6
$17) 8... Nxd7 9. O-O g5 10. Bg3 Nxg3 11. hxg3 g4 12. Ne5 $1 {The best under
the circumstances.} (12. Nfd2 cxd4 (12... Rg8 13. Nc3 Rg5 14. Nb5 Rh5 15. f4
Qb6 16. c4 Bg7 $17) 13. exd4 Rg8 14. Nc3 Rg5 15. Nb5 Rh5 16. f4 Qb6 $19) 12...
Nxe5 13. dxe5 Rg8 $1 {With a brutal threat of Rg5-h5.} 14. Nc3 O-O-O $17 (14...
Rg5 $2 15. Nxd5 Rh5 16. f4 gxf3 17. Nc7+ Kd7 18. Nxa8 Kc8 19. Qd2 $1 $18) 15.
e4 $8 Qxc1 16. Raxc1 d4 17. Nd5 e6 $1 (17... Rg5 18. e6 $1 (18. c3 $2 d3 19.
Rfd1 e6 20. Nf4 c4 21. b3 b5 22. a4 d2 23. Rc2 cxb3 $19) 18... fxe6 19. Nf4 $44
) 18. Nf6 Rg6 $1 (18... Rg5 19. Nxh7 Rxe5 20. Nxf8 Rxf8 21. f3 $132) 19. Nxh7
Bg7 20. Nf6 Rh8 $6 {Ths unnecessarily complicates the matters.} (20... c4 21.
f4 gxf3 22. Rxf3 Rg5 $19) 21. Rfd1 c4 (21... Bxf6 22. exf6 Rxf6 23. c3 d3 24.
b3 e5 25. c4 Kc7 $17) 22. f4 $8 (22. b3 c3 $1 23. f4 gxf3 24. gxf3 Bh6 $19)
22... gxf3 23. Rxd4 b5 $1 (23... Rh1+ $4 24. Kxh1 f2 25. Rxc4+ $18) (23... Bh6
$6 24. Re1 Bf4 25. Rxc4+ Kb8 26. g4 Bd2 27. Kf2 Bxe1+ 28. Kxe1 fxg2 29. Kf2 $44
) 24. Rf1 $2 (24. a4 $2 Bh6 $19) (24. gxf3 $1 {was more resilient.} Bh6 $1 (
24... Rxg3+ 25. Kf2 Rhh3 26. f4 $1 $132 (26. Rcd1 $2 Rxf3+ 27. Ke2 Re3+ 28. Kf2
Rhf3+ 29. Kg2 Bxf6 30. exf6 Rxf6 $19)) 25. Rcd1 Be3+ 26. Kg2 Bxd4 27. Rxd4 Rgh6
28. Ng4 Rh1 29. a4 Rc1 30. Ne3 a6 31. axb5 axb5 $19) 24... Bf8 $3 25. Nd7 (25.
Ne8 Bc5 26. Nd6+ Kc7 27. c3 f6 $1 $19) 25... Rxg3 26. Rxf3 $2 {A final mistake.
} (26. Kf2 Rxg2+ 27. Kxf3 Rxc2 28. Nxf8 Rxf8 29. b3 Rxa2 30. bxc4 b4 $19) 26...
Rxf3 27. gxf3 Be7 $1 $19 {Now he loses a piece.} (27... Bh6 $2 28. Rd6) 28. a4
bxa4 29. Kf1 (29. Kg2 c3 $1 30. bxc3 Rd8 $19) 29... c3 30. bxc3 a3 {The pawn
is unstoppable.} 31. Nc5 Bxc5 32. Rc4 a2 0-1

[Event "Bundesliga 0001"]
[Site "Germany"]
[Date "2001.03.11"]
[Round "11.5"]
[White "Von Herman, Ulf"]
[Black "Sadler, Matthew D"]
[Result "0-1"]
[WhiteElo "2357"]
[BlackElo "2628"]
[Annotator "Atlas,V"]
[PlyCount "54"]
[EventDate "2000.10.14"]
[EventType "team-tourn"]
[EventRounds "15"]
[EventCountry "GER"]
[SourceTitle "CBM 082"]
[Source "ChessBase"]
[SourceDate "2001.05.17"]
[SourceVersion "1"]
[SourceVersionDate "2001.05.17"]
[SourceQuality "1"]
[WhiteTeam "Koenig Tegel"]
[BlackTeam "Solingen"]
[WhiteTeamCountry "GER"]
[BlackTeamCountry "GER"]

1. d4 Nf6 2. Nf3 e6 3. Bg5 h6 4. Bh4 d5 5. e3 Bd6 6. Ne5 Nbd7 7. f4 g5 8. Bf2
Ne4 9. Nd2 Nxf2 10. Kxf2 c5 11. Qh5 Qf6 12. Bb5 gxf4 13. e4 cxd4 14. Nxd7 Bxd7
15. Bxd7+ Kxd7 16. exd5 Rac8 17. dxe6+ fxe6 18. Qb5+ Kc7 19. Nc4 Rhg8 20. Nxd6
Kxd6 21. c3 Qh4+ 22. Kf1 f3 $1 {Excellent! This energetic move reinforces
Black's attack and does not to allow White any time for defence.} 23. gxf3 Qh3+
24. Ke2 Qg2+ 25. Kd3 Qxf3+ 26. Kc2 Rg2+ 27. Kb3 {[%tqu "En","White's King
seems now even more safe than his vis-a-vis, but it is just an illusion. How
can Black conclude his attack?","Try to destroy the pawn shield around White's
king.","Try to eliminate the defender of the c3-pawn.","g2b2","That's it.
After this strike the white king is doomed.",4]} Rxb2+ {[%csl Rc3][%cal Gc8c3,
Gf3c3]} (27... Rxb2+ 28. Kxb2 Qxc3+ 29. Kb1 Qc2#) 0-1

[Event "Excelsior Cup"]
[Site "Gothenburg"]
[Date "1998.01.13"]
[Round "7"]
[White "Gausel, Einar"]
[Black "Aagaard, Jacob"]
[Result "1-0"]
[WhiteElo "2555"]
[BlackElo "2395"]
[Annotator "Avrukh,B"]
[PlyCount "59"]
[EventDate "1998.01.07"]
[EventType "tourn"]
[EventRounds "9"]
[EventCountry "SWE"]
[EventCategory "9"]
[SourceTitle "CBM 063"]
[Source "ChessBase"]
[SourceDate "1998.03.26"]
[SourceVersion "1"]
[SourceVersionDate "1998.03.26"]
[SourceQuality "1"]

1. Nf3 {Tyomkin,D} g6 2. d4 Nf6 3. Bg5 Bg7 4. c3 d5 5. Nbd2 O-O 6. e3 c5 7. Be2
Qb6 8. Qb3 c4 (8... Nc6 9. O-O Bf5 $6 10. dxc5 $1 Qxc5 11. Nd4 Bc8 (11... Nxd4
{Speelman} 12. exd4 $14 (12. cxd4 Qa5 13. Nf3)) (11... Bd7 {Speelman} 12. Bxf6
Bxf6 13. Qxb7) 12. Rfd1 a6 $142 $5 $146 {Avrukh,B} (12... e5 {Speelman} 13. Qb5
$1 Qd6 14. N4b3 a6 15. Qd3 (15. Qc5 $14) 15... Rd8 (15... e4 $5 16. Nxe4 Nxe4
17. Qxe4 Qxh2+ $1 18. Kxh2 dxe4 19. Nc5) 16. e4 {Speelman,J-Cramling,P/Erevan
olm 1996/1/2-1/2(61)}) 13. Rac1 Qa5 14. Bh4 Re8 15. N2f3 e6 $2 (15... e5 $142)
16. c4 Qb4 17. Qxb4 Nxb4 18. a3 Nc6 19. cxd5 exd5 (19... Nxd4 20. Nxd4 Nxd5 $16
) 20. Nxc6 (20. Nb3 $2 Ne4 21. Nfd4 $14 {Smyslov,V-Cramling,P/Sigeman and Co
1997/1/2-1/2(31)}) 20... bxc6 21. Rxc6 Ne4 22. Nd4 $18) 9. Qa3 {[%csl Yc4]
[%cal Gb2b3]} (9. Qxb6 $6 {Avrukh,B} axb6 10. Bxf6 (10. O-O b5 11. b3 Bf5 12.
a4 Bc2 13. Ne1 Bf5 14. Nef3 Bc2 {1/2-1/2 Kozma,K-Sinkovics,P/HUN-chT2 1994})
10... Bxf6 11. e4 e6 12. O-O b5 13. a3 Bd7 14. e5 Be7 15. Rad1 Nc6 16. Ne1 f5
17. exf6 Bxf6 18. Bf3 b4 $1 19. axb4 Ra2 $15 {Gostisa,L-Manninen,M/EU-chT
Debrecen SLO-FIN 1992/1/2-1/2 (58)}) 9... Nc6 10. b3 cxb3 11. axb3 e5 $146 (
11... h6 12. Bh4 g5 13. Bg3 Bf5 14. O-O Ne4 15. Nxe4 Bxe4 16. b4 $14 {Meinsohn,
P-Lupu,S/Lyon op 1993/1/2-1/2(22)}) 12. O-O Be6 (12... e4 13. Bxf6 (13. Ne1 Bg4
14. Bxg4 Nxg4 $132) 13... Bxf6 14. Ne1 $14) 13. b4 exd4 14. Nxd4 (14. exd4 $6
Ne4 15. Be3 f5 $36) 14... Rfe8 $6 (14... Rfc8 $142 {[%cal Gc6e5]}) 15. b5 Ne5
16. Rfc1 Nfd7 $6 (16... Bf8 17. Qa5 Nfd7 {black still keeps the balance.}) 17.
Be7 $1 {taking control over diagonal a3-f8.Pawn-a7 becomes real weekness.} Rec8
18. h3 Nc5 19. Qa5 Bd7 (19... Ncd3 20. Rc2 $16 Qc7 21. Qxc7 Rxc7 22. Bh4 $1 {
[%cal Rf2f4,Rb5b6]}) (19... Ned7 20. Rc2 $16 {[%cal Gc2a2]}) 20. Rc2 {[%csl
Ra7][%cal Gc2a2]} Ne4 21. Nxe4 dxe4 22. Rca2 $6 (22. c4 $5 Nd3 $142 $13 (22...
Qxa5 23. Rxa5 a6 24. b6 f5 {[%cal Gg8f7]} 25. c5 Kf7 26. Bd6 $16 Z0 27. Bxe5
$140 (27. Bxa6 $5) 27... Bxe5 28. c6 $18)) 22... Qxa5 23. Rxa5 Rxc3 (23... a6
24. bxa6 bxa6 25. Bb4 $18) 24. Rxa7 Rc1+ $4 {decisive mistake.} (24... Rxa7
$142 25. Rxa7 Bc8 $1 {[%cal Ge5d3]} 26. Ra8 (26. Bb4 Rc1+ 27. Kh2 Nd3 $132)
26... f5 {[%cal Gg8f7]} 27. Nc6 bxc6 28. Rxc8+ Kf7 29. Bh4 $1 (29. Bd6 Ke6 30.
Bxe5 Bxe5 31. Rxc6+ Rxc6 32. bxc6 {this ending is very close to draw.}) 29...
Rc2 30. Bf1 $16 {[%cal Yb5b6] o^b}) 25. Rxc1 Rxa7 26. Rc7 $18 {[%csl Ra7,Rb7,
Rd7][%cal Gb5b6,Ye7d6] Black doesn't have the defence from all the threats.}
Ra1+ (26... Bf8 27. Bf6 $18) 27. Bf1 b6 28. Bd6 Be6 29. Nxe6 fxe6 {[%tqu "En",
"","","","c7g7","",5]} 30. Rxg7+ 1-0